000 00735nam a2200217 a 4500
008 060510s2006||||xo g 000 f slo d
020 _a8089199356
_q(viaz.)
_c229.00 Sk
040 _aPOKPOH
_bslo
_dSNK
_cPOKPOH
041 1 _aslo
_hcze
072 7 _a821.162.3
_xČeská literatúra
_2konspekt
080 _a821.162.3-31
_22001
100 1 _aObermannová, Irena,
_d1962-
240 1 0 _aNezavěšujte se
_lSlovensky
245 1 0 _aNevešajte sa
_cIrena Obermannová ; [z českého originálu preložila Mária Murcková]
250 _a1. vyd.
260 _aBratislava
_bMotýľ
_c2006
300 _a171 s.
_c20 cm
700 1 _aMurcková, Mária
_4trl
765 0 _tNezavěšujte se. Slovensky
_aObermannová, Irena, 1962-
044 _axo
_cSK
999 _c8071
_d8071